000 00606nam a22001937a 4500
999 _c9360
_d9360
008 210408b ||||| |||| 00| 0 eng d
040 _aBMS College of Architecture
100 _aChinnappa, B Poorna
245 _aLost spaces in the city Bengaluru
300 _a83p.
500 _a1BM15AHD04
502 _8M,Arch (Habitat Design)
_NBMS College of Architecture, Visvesvaraya Technological University
_aDissertation
_d2017
650 _acity
650 _aBengaluru
700 _aMamatha P Raj
_eGuide
700 _aSadashiv Chakravarthy
_eGuide
700 _aRachana Suraj
_eGuide
942 _2ddc
_cPGTHE